| 000 | 00652nam a22001937a 4500 | ||
|---|---|---|---|
| 999 |
_c176419 _d176419 |
||
| 005 | 20210118150348.0 | ||
| 010 | _aENG-128705 | ||
| 020 |
_a978-0-19-948902-2 _c325.00 |
||
| 035 | _aEN-112237 | ||
| 037 | _bDBAD/PUB | ||
| 082 | _a333.79240954 | ||
| 100 | _aPant, Harsh V. | ||
| 245 |
_aIndian Nuclear Policy/ _bHarsh V. Pant, and Yogesh Joshi |
||
| 260 |
_aNew Delhi _bOxford University Press _c2018 |
||
| 270 |
_bNew Delhi _e110002 _a2/11, Ground Floor, Ansari Road, Daryaganj |
||
| 300 |
_axi+193p. _c19cm(pbk) _bIncluding bibliographical references and index. |
||
| 700 | _aJoshi, Yogesh | ||
| 942 |
_2ddc _cEN _h333.79240954 _mPAN |
||